[Event "POL-ch U18 Girls"]
[Site "Karpacz"]
[Date "2015.??.??"]
[Round "3"]
[White "Ostrowska, Joanna"]
[Black "Jaskiewicz, Kamila"]
[Result "0-1"]
[WhiteElo "1604"]
[BlackElo "1736"]
[PlyCount "116"]
[EventDate "2015.03.??"]
[EventType "swiss"]
[EventRounds "9"]
[EventCountry "POL"]
[SourceTitle "EXT 2017"]
[Source "ChessBase"]
[SourceDate "2016.10.25"]
[SourceVersion "1"]
[SourceVersionDate "2016.10.25"]
[SourceQuality "1"]

1. d4 d5 2. c4 e6 3. Nc3 Nf6 4. Bg5 c6 5. a3 Nbd7 6. Nf3 Be7 7. e3 0-0 8. cxd5 exd5 9. Bd3 Ne4 10. Bf4 f5 11. h3 Ndf6 12. Ne5 Nxc3 13. bxc3 Qa5 14. Kd2 Ne4+ 15. Bxe4 dxe4 16. Qb3+ Qd5 17. Qxd5+ cxd5 18. c4 dxc4 19. Nxc4 Rd8 20. Ke2 b6 21. Rhc1 Ba6 22. Ke1 Rac8 23. Nd2 Bd3 24. Nb3 Rc2 25. Rxc2 Bxc2 26. Nc1 Rc8 27. Kd2 Ba4 28. Ra2 Bb5 29. Ne2 Bd3 30. Nc3 Bf1 31. g4 Bxh3 32. g5 Bf1 33. Ne2 Bxe2 34. Kxe2 Kf7 35. a4 Kg6 36. d5 Bxg5 37. Be5 Bf6 38. Bf4 Kf7 39. f3 exf3+ 40. Kxf3 h5 41. Rg2 Rg8 42. Rc2 g5 43. Rc7+ Kg6 44. Bh2 Rd8 45. d6 g4+ 46. Kg2 Bg5 47. Be5 Bxe3 48. Rg7+ Kh6 49. d7 Bg5 50. Rf7 f4 51. Bc7 Rg8 52. Bd6 Kg6 53. Re7 Rd8 54. Re8 Rxd7 55. Rg8+ Kf5 56. Rf8+ Ke4 57. Re8+ Kd3 58. Re1 Bh4 0-1

[Event "POL-chT U19 1st League"]
[Site "Maslow Pierwszy"]
[Date "2014.08.01"]
[Round "8"]
[White "Jaskiewicz, Kamila"]
[Black "Tarnowska, Aleksandra"]
[Result "0-1"]
[WhiteElo "1683"]
[BlackElo "1777"]
[PlyCount "68"]
[EventDate "2014.07.25"]
[EventType "team-tourn"]
[EventRounds "9"]
[EventCountry "POL"]
[SourceTitle "EXT 2015"]
[Source "ChessBase"]
[SourceDate "2014.11.20"]
[SourceVersion "1"]
[SourceVersionDate "2014.11.20"]
[SourceQuality "1"]
[WhiteTeam "Minsk Mazowiecki MTSz U19"]
[BlackTeam "Chylice KS Laura U19"]
[WhiteTeamCountry "POL"]
[BlackTeamCountry "POL"]

1. Nf3 Nf6 2. c4 e6 3. g3 d5 4. Bg2 dxc4 5. Qa4+ Nbd7 6. Qxc4 c5 7. 0-0 b6 8. d4 Bb7 9. Nc3 a6 10. dxc5 Bxc5 11. b4 b5 12. Qf4 Bb6 13. Bb2 0-0 14. e4 Bc7 15. Qe3 Nb6 16. Nd2 Ng4 17. Qe2 Ne5 18. Nb3 Nec4 19. Nc5 Bc6 20. Rad1 Qe7 21. Bc1 Bd6 22. Qh5 Bxc5 23. bxc5 Nd7 24. Ne2 Nxc5 25. f3 Rfd8 26. Nd4 Bb7 27. Rfe1 Na4 28. Bg5 f6 29. Bc1 Qc5 30. Qxc5 Nxc5 31. e5 Nxe5 32. Ba3 Ncd3 33. Rxe5 Nxe5 34. Rd2 Nc4 0-1

[Event "POL-chT U19 1st League"]
[Site "Maslow Pierwszy"]
[Date "2014.07.27"]
[Round "3"]
[White "Jaskiewicz, Kamila"]
[Black "Rykala, Monika"]
[Result "1-0"]
[WhiteElo "1683"]
[BlackElo "1865"]
[PlyCount "67"]
[EventDate "2014.07.25"]
[EventType "team-tourn"]
[EventRounds "9"]
[EventCountry "POL"]
[SourceTitle "EXT 2015"]
[Source "ChessBase"]
[SourceDate "2014.11.20"]
[SourceVersion "1"]
[SourceVersionDate "2014.11.20"]
[SourceQuality "1"]
[WhiteTeam "Minsk Mazowiecki MTSz U19"]
[BlackTeam "Zary ZKSz U19"]
[WhiteTeamCountry "POL"]
[BlackTeamCountry "POL"]

1. Nf3 e6 2. c4 f5 3. g3 Nf6 4. Bg2 d5 5. d4 c6 6. b3 Bd6 7. 0-0 Qe7 8. Ne5 Nbd7 9. Bb2 0-0 10. Nd2 Rd8 11. Qc2 Ne4 12. Rad1 Ndf6 13. Nxe4 fxe4 14. f3 exf3 15. exf3 Bxe5 16. dxe5 Nd7 17. cxd5 exd5 18. f4 Rf8 19. Qc1 Re8 20. Rde1 Qc5+ 21. Qxc5 Nxc5 22. Ba3 Ne6 23. Bd6 Nd4 24. Bc5 Ne6 25. Ba3 Nd4 26. Rf2 Bf5 27. Rc1 Kf7 28. h3 h5 29. Bb2 Nb5 30. Bf3 Bxh3 31. Bxh5+ g6 32. Be2 Be6 33. Rh2 Rab8 34. a4 1-0

[Event "Olsztyn op U18 blitz"]
[Site "Olsztyn"]
[Date "2013.08.03"]
[Round "9"]
[White "Jaskiewicz, Kamila"]
[Black "Binkowska, Agata"]
[Result "0-1"]
[WhiteElo "1955"]
[BlackElo "1623"]
[PlyCount "86"]
[EventDate "2013.08.03"]
[EventType "swiss (blitz)"]
[EventRounds "22"]
[EventCountry "POL"]
[SourceTitle "CBM 155 Extra"]
[Source "ChessBase"]
[SourceDate "2013.08.26"]
[SourceVersion "1"]
[SourceVersionDate "2013.08.26"]
[SourceQuality "1"]

1. Nf3 b6 2. c4 Bb7 3. g3 Nc6 4. Bg2 e5 5. d3 Bb4+ 6. Bd2 Qe7 7. 0-0 0-0-0 8. Nc3 Bxc3 9. Bxc3 d6 10. a3 f5 11. b4 g5 12. a4 Kb8 13. Qb3 h5 14. a5 h4 15. h3 hxg3 16. fxg3 g4 17. Nh4 gxh3 18. Bxh3 f4 19. Ng6 Qg5 20. Nxh8 Qxg3+ 21. Bg2 Nd4 22. Rf2 Nxb3 23. Rb1 Nd4 24. Nf7 Rd7 25. Bxd4 Rxf7 26. Bc3 Rg7 27. Kf1 Bxg2+ 28. Ke1 Bb7 29. axb6 cxb6 30. c5 bxc5 31. bxc5 Qg1+ 32. Rf1 Qxc5 33. Bd2 Rg1 34. Rc1 Rxf1+ 35. Kxf1 Qb5 36. Kf2 Nf6 37. Rg1 Qb6+ 38. e3 fxe3+ 39. Bxe3 Qb2+ 40. Kg3 Kc7 41. Kh3 Qe2 42. Bxa7 Qxd3+ 43. Kh4 Qe4+ 0-1

[Event "Olsztyn op U18 rapid"]
[Site "Olsztyn"]
[Date "2013.08.03"]
[Round "10"]
[White "Jaskiewicz, Kamila"]
[Black "Kopica, Paulina"]
[Result "0-1"]
[WhiteElo "1676"]
[BlackElo "1750"]
[PlyCount "160"]
[EventDate "2013.08.01"]
[EventType "swiss (rapid)"]
[EventRounds "11"]
[EventCountry "POL"]
[SourceTitle "CBM 155 Extra"]
[Source "ChessBase"]
[SourceDate "2013.08.26"]
[SourceVersion "1"]
[SourceVersionDate "2013.08.26"]
[SourceQuality "1"]

1. Nf3 f5 2. c4 Nf6 3. g3 g6 4. Bg2 Bg7 5. 0-0 0-0 6. Nc3 d6 7. d4 c6 8. Qb3 Kh8 9. Rd1 Qe8 10. d5 cxd5 11. cxd5 Nbd7 12. Nb5 Qd8 13. Qc2 Nc5 14. b4 Nce4 15. Nc7 Rb8 16. Bb2 Bd7 17. Ne6 Bxe6 18. dxe6 Rc8 19. Qb3 a6 20. h3 Rc7 21. Rac1 Qb8 22. Rxc7 Qxc7 23. Rc1 Qb6 24. Bd4 Qd8 25. a3 Qb8 26. Qc4 Kg8 27. e3 h6 28. Qc7 Re8 29. Rc2 Nd5 30. Qxb8 Rxb8 31. Bxg7 Kxg7 32. Nd4 Nef6 33. Kf1 Kf8 34. Ke2 Ke8 35. f3 Kd8 36. g4 fxg4 37. hxg4 Rc8 38. Rxc8+ Kxc8 39. Kd3 Kc7 40. Nc2 Kb6 41. Kc4 Nc7 42. Nd4 Ka7 43. a4 Nfd5 44. Nc2 Nb6+ 45. Kb3 Nxe6 46. f4 Kb8 47. a5 Nd7 48. Kc4 Kc7 49. Kd5 Nd8 50. Nd4 Nf6+ 51. Kc4 Nxg4 52. Kd3 Nc6 53. Ne6+ Kc8 54. Bxc6 bxc6 55. Nf8 g5 56. fxg5 hxg5 57. Ne6 Ne5+ 58. Ke4 g4 59. Kf4 Kd7 60. Nd4 Nd3+ 61. Kxg4 Nxb4 62. Nb3 c5 63. Nd2 Kc6 64. Kf4 e6 65. Ke4 Kb5 66. Nb3 c4 67. Nd4+ Kxa5 68. Nxe6 c3 69. Nd4 c2 70. Ne2 Kb5 71. Kd4 a5 72. Kc3 a4 73. Nd4+ Kc5 74. Nxc2 Nxc2 75. Kxc2 Kd5 76. Kb2 Ke4 77. Ka3 Kxe3 78. Kxa4 d5 79. Kb3 d4 80. Kc2 Ke2 0-1

[Event "Olsztyn op U18 blitz"]
[Site "Olsztyn"]
[Date "2013.08.03"]
[Round "6"]
[White "Pastuszko, Kinga"]
[Black "Jaskiewicz, Kamila"]
[Result "0-1"]
[WhiteElo "1851"]
[BlackElo "1955"]
[PlyCount "118"]
[EventDate "2013.08.03"]
[EventType "swiss (blitz)"]
[EventRounds "22"]
[EventCountry "POL"]
[SourceTitle "CBM 155 Extra"]
[Source "ChessBase"]
[SourceDate "2013.08.26"]
[SourceVersion "1"]
[SourceVersionDate "2013.08.26"]
[SourceQuality "1"]

1. e4 c5 2. Nf3 e6 3. d4 cxd4 4. Nxd4 a6 5. c4 Bb4+ 6. Nc3 Nf6 7. f3 0-0 8. Be3 Nc6 9. a3 Be7 10. Qd2 Nxd4 11. Bxd4 d6 12. Be2 b6 13. 0-0 Bb7 14. Qe3 Nd7 15. Rac1 e5 16. Nd5 Bxd5 17. cxd5 exd4 18. Qxd4 Bf6 19. Qd2 Nc5 20. Bd1 Rc8 21. b4 Nd7 22. Be2 b5 23. Kh1 Ne5 24. f4 Nc4 25. Bxc4 Rxc4 26. Rxc4 bxc4 27. Qe2 Qc8 28. Rc1 c3 29. e5 dxe5 30. fxe5 Bg5 31. Rc2 h6 32. h3 Re8 33. d6 Bf4 34. Qd1 Qd7 35. Rxc3 Bxe5 36. Re3 Re6 37. Qd5 Qxd6 38. Qa8+ Kh7 39. Qe4+ g6 40. Qb1 Bg3 41. Rxe6 Qxe6 42. a4 Qe1+ 43. Qxe1 Bxe1 44. b5 axb5 45. axb5 Ba5 46. g4 Kg7 47. Kg2 Kf6 48. Kf3 Ke5 49. Ke3 Bb6+ 50. Kd3 Kd5 51. Kc3 Kc5 52. Kd3 Kd5 53. Kc3 Ke4 54. Kc4 Kf3 55. Kd5 Kg3 56. Kc6 Be3 57. b6 Bxb6 58. Kxb6 Kxh3 59. Kc6 Kxg4 0-1

[Event "POL-ch U16 Girls"]
[Site "Szczyrk"]
[Date "2013.??.??"]
[Round "4"]
[White "Dadello, Aleksandra"]
[Black "Jaskiewicz, Kamila"]
[Result "1-0"]
[WhiteElo "1909"]
[BlackElo "1663"]
[PlyCount "99"]
[EventDate "2013.03.17"]
[EventType "swiss"]
[EventRounds "9"]
[EventCountry "POL"]
[SourceTitle "CBM 153 Extra"]
[Source "ChessBase"]
[SourceDate "2013.04.22"]
[SourceVersion "1"]
[SourceVersionDate "2013.04.22"]
[SourceQuality "1"]

1. e4 c5 2. Nf3 e6 3. d4 cxd4 4. Nxd4 a6 5. Bd3 Qc7 6. 0-0 Nf6 7. Qe2 d6 8. c4 Nbd7 9. Nd2 Be7 10. Kh1 0-0 11. f4 Rd8 12. N4f3 Nf8 13. Re1 b6 14. Nf1 Bb7 15. Bd2 Rac8 16. Rac1 Qb8 17. Ng3 Rc7 18. Be3 Ba8 19. h3 N6d7 20. f5 Nc5 21. Bb1 exf5 22. exf5 a5 23. Nd4 Rcd7 24. Qg4 Bf6 25. Nh5 Be5 26. Bh6 g6 27. Rxe5 dxe5 28. Nf6+ Kh8 29. Nxd7 Ncxd7 30. Ne2 Nf6 31. Qh4 Qd6 32. Bg5 Kg7 33. Nc3 Re8 34. Qh6+ Kg8 35. Rd1 Qc6 36. Nd5 Nh5 37. Kh2 f6 38. Be4 Qxc4 39. Nxf6+ Nxf6 40. Bxf6 Qf7 41. Bxa8 Qxf6 42. Bd5+ Kh8 43. Rf1 Qg7 44. Qxg7+ Kxg7 45. f6+ Kh6 46. h4 g5 47. Bf7 Rc8 48. Rf5 Ng6 49. hxg5+ Kh5 50. Kh3 1-0

[Event "POL-ch U16 Girls"]
[Site "Szczyrk"]
[Date "2013.??.??"]
[Round "2"]
[White "Jaskiewicz, Kamila"]
[Black "Fraczek, Weronika"]
[Result "1-0"]
[WhiteElo "1663"]
[BlackElo "1435"]
[PlyCount "129"]
[EventDate "2013.03.17"]
[EventType "swiss"]
[EventRounds "9"]
[EventCountry "POL"]
[SourceTitle "CBM 153 Extra"]
[Source "ChessBase"]
[SourceDate "2013.04.22"]
[SourceVersion "1"]
[SourceVersionDate "2013.04.22"]
[SourceQuality "1"]

1. c4 e5 2. g3 Nc6 3. Bg2 g6 4. Nc3 Bg7 5. Nf3 f5 6. d3 Nge7 7. 0-0 0-0 8. Rb1 d6 9. a3 Be6 10. Qc2 h6 11. b4 d5 12. cxd5 Nxd5 13. Bb2 a6 14. Na4 Bf7 15. Nc5 Qc8 16. Rfc1 Re8 17. Nxb7 Ncxb4 18. axb4 Qxb7 19. Ba3 Rac8 20. Nd2 c6 21. Nc4 Qd7 22. Qa4 e4 23. dxe4 fxe4 24. Bb2 Bxb2 25. Rxb2 Re6 26. Bh3 e3 27. Nxe3 Nxe3 28. fxe3 Qa7 29. Rc5 Rd8 30. Bxe6 Bxe6 31. Qxc6 Rd1+ 32. Kg2 Qf7 33. Qf3 Bd5 34. Rxd5 Qxd5 35. Qxd5+ Rxd5 36. Ra2 Rd6 37. Kf3 Kf7 38. h4 Ke6 39. Ke4 Rb6 40. Ra4 Kd6 41. Kd4 Kc6 42. Kc4 Kb7 43. e4 Kc6 44. Ra5 Kd6 45. e3 Rc6+ 46. Rc5 Rb6 47. g4 Ke6 48. e5 h5 49. gxh5 gxh5 50. e4 Rb8 51. Rc6+ Kxe5 52. Rxa6 Kxe4 53. Rh6 Rc8+ 54. Kb3 Kd3 55. Rxh5 Rc3+ 56. Ka4 Rc4 57. Ka5 Rc8 58. b5 Kc4 59. Ka6 Ra8+ 60. Kb7 Ra5 61. Rg5 Ra1 62. b6 Rf1 63. h5 Rf7+ 64. Ka8 Rf8+ 65. Ka7 1-0

[Event "Suwalki op"]
[Site "Suwalki"]
[Date "2012.12.28"]
[Round "2"]
[White "Gucaga, Augustas"]
[Black "Jaskiewicz, Kamila"]
[Result "0-1"]
[WhiteElo "1479"]
[BlackElo "1675"]
[PlyCount "76"]
[EventDate "2012.12.27"]
[EventType "swiss"]
[EventRounds "7"]
[EventCountry "POL"]
[SourceTitle "CBM 152 Extra"]
[Source "ChessBase"]
[SourceDate "2013.02.25"]
[SourceVersion "1"]
[SourceVersionDate "2013.02.25"]
[SourceQuality "1"]

1. e4 c5 2. Nf3 e6 3. d4 cxd4 4. Nxd4 a6 5. Nc3 Qc7 6. g3 b5 7. a3 Bb7 8. Bg2 Nf6 9. 0-0 Be7 10. Be3 0-0 11. f4 d6 12. Nb3 Nbd7 13. g4 Nc5 14. Nxc5 dxc5 15. g5 Rfd8 16. Qe2 Ne8 17. Rf3 Nd6 18. Rh3 g6 19. Qg4 b4 20. Qh4 h5 21. Bf3 Kf8 22. Na4 Bxe4 23. Bxe4 Nxe4 24. axb4 cxb4 25. f5 exf5 26. Bb6 Qxc2 27. Bxd8 Rxd8 28. Rf3 Rd1+ 29. Rf1 Rxf1+ 30. Kxf1 Bxg5 31. Qe1 Nd2+ 32. Ke2 Nb3+ 33. Kf1 Nxa1 34. Qxa1 Bh4 35. Kg1 Qf2+ 36. Kh1 Qf3+ 37. Kg1 Bf2+ 38. Kf1 Be3+ 0-1

[Event "Rewal op-B 17th"]
[Site "Rewal"]
[Date "2012.08.??"]
[Round "5"]
[White "Jaskiewicz, Kamila"]
[Black "Chylewski, Patryk"]
[Result "1/2-1/2"]
[WhiteElo "1661"]
[BlackElo "1562"]
[PlyCount "67"]
[EventDate "2012.08.20"]
[EventType "swiss"]
[EventRounds "9"]
[EventCountry "POL"]
[SourceTitle "EXT 2014"]
[Source "ChessBase"]
[SourceDate "2013.11.20"]
[SourceVersion "1"]
[SourceVersionDate "2013.11.20"]
[SourceQuality "1"]

1. Nf3 e6 2. c4 d5 3. g3 c5 4. cxd5 exd5 5. d4 c4 6. Bg2 Nf6 7. 0-0 b5 8. a3 Bd6 9. Nc3 a6 10. Bg5 Be6 11. Ne5 Be7 12. e4 Nxe4 13. Bxe7 Nxc3 14. Bxd8 Nxd1 15. Raxd1 Kxd8 16. f4 f6 17. f5 Bg8 18. Ng4 Nd7 19. Rfe1 Bf7 20. Ne3 Nb6 21. g4 Kd7 22. h4 h6 23. Bf3 Rae8 24. Ng2 Rxe1+ 25. Rxe1 Re8 26. Rxe8 Kxe8 27. Nf4 Kd7 28. Kf2 Kd6 29. Bd1 a5 30. Ke3 Ke7 31. Kd2 b4 32. axb4 axb4 33. b3 c3+ 34. Kc2 1/2-1/2

[Event "Rewal op-B 17th"]
[Site "Rewal"]
[Date "2012.08.??"]
[Round "7"]
[White "Jaskiewicz, Kamila"]
[Black "Jewulski, Krzysztof"]
[Result "1/2-1/2"]
[WhiteElo "1661"]
[BlackElo "1950"]
[PlyCount "73"]
[EventDate "2012.08.20"]
[EventType "swiss"]
[EventRounds "9"]
[EventCountry "POL"]
[SourceTitle "EXT 2014"]
[Source "ChessBase"]
[SourceDate "2013.11.20"]
[SourceVersion "1"]
[SourceVersionDate "2013.11.20"]
[SourceQuality "1"]

1. Nf3 Nf6 2. c4 c5 3. g3 g6 4. Bg2 Bg7 5. 0-0 0-0 6. d4 cxd4 7. Nxd4 Nc6 8. Nxc6 dxc6 9. Nc3 Be6 10. Qa4 Qd4 11. Qb4 Qb6 12. Qxe7 Bxc4 13. Qa3 Qa6 14. Qxa6 Bxa6 15. Rd1 Rad8 16. Be3 Rfe8 17. Bxa7 Rxd1+ 18. Rxd1 Bxe2 19. Nxe2 Rxe2 20. Rd8+ Re8 21. Rxe8+ Nxe8 22. b4 Nd6 23. Bc5 Nc4 24. a4 Bf8 25. Bxf8 Kxf8 26. f4 Ke7 27. Kf2 Nb2 28. b5 cxb5 29. axb5 b6 30. Ke3 Nc4+ 31. Kd4 Nd6 32. Bf1 Nf5+ 33. Ke4 Kd6 34. g4 Ne7 35. Bc4 f6 36. Kd4 h6 37. f5 1/2-1/2

[Event "Rewal op-B 17th"]
[Site "Rewal"]
[Date "2012.08.??"]
[Round "6"]
[White "Wodecki, Michal"]
[Black "Jaskiewicz, Kamila"]
[Result "0-1"]
[WhiteElo "1440"]
[BlackElo "1661"]
[PlyCount "46"]
[EventDate "2012.08.20"]
[EventType "swiss"]
[EventRounds "9"]
[EventCountry "POL"]
[SourceTitle "EXT 2014"]
[Source "ChessBase"]
[SourceDate "2013.11.20"]
[SourceVersion "1"]
[SourceVersionDate "2013.11.20"]
[SourceQuality "1"]

1. e4 c5 2. c3 e6 3. d4 cxd4 4. cxd4 Nf6 5. e5 Nd5 6. f4 d6 7. Nf3 b6 8. Nc3 Bb7 9. Bb5+ Nd7 10. Qa4 Nxc3 11. bxc3 a6 12. Bxd7+ Qxd7 13. Qxd7+ Kxd7 14. 0-0 Rc8 15. Bb2 Be7 16. Rab1 b5 17. Rfc1 Bd5 18. a3 h6 19. exd6 Bxd6 20. Ne5+ Kc7 21. g3 h5 22. Kf2 h4 23. Rh1 Bxh1 0-1

[Event "Bialystok Zamenhof Memorial"]
[Site "Bialystok"]
[Date "2011.12.27"]
[Round "1"]
[White "Sowul, Bartosz"]
[Black "Jaskiewicz, Kamila"]
[Result "1-0"]
[WhiteElo "2196"]
[BlackElo "1663"]
[PlyCount "42"]
[EventDate "2011.12.27"]
[EventType "swiss"]
[EventRounds "9"]
[EventCountry "POL"]
[SourceTitle "CBM 146 Extra"]
[Source "ChessBase"]
[SourceDate "2012.02.29"]
[SourceVersion "1"]
[SourceVersionDate "2012.02.29"]
[SourceQuality "1"]

1. d4 Nf6 2. c4 e6 3. Nc3 Bb4 4. a3 Bxc3+ 5. bxc3 b6 6. f3 Bb7 7. e4 d6 8. Bd3 0-0 9. Bg5 Nbd7 10. Ne2 h6 11. Bh4 Qc8 12. 0-0 d5 13. cxd5 exd5 14. e5 Nh7 15. f4 Re8 16. Rf3 Ndf8 17. f5 c5 18. Rg3 Kh8 19. Nf4 cxd4 20. cxd4 Qc3 21. Bb5 Rec8 1-0

[Event "Podlaskie-ch U15 Girls 17th"]
[Site "Suwalki"]
[Date "2011.04.21"]
[Round "10"]
[White "Jaskiewicz, Kamila"]
[Black "Maruszczak, Joanna"]
[Result "1/2-1/2"]
[WhiteElo "1587"]
[BlackElo "1736"]
[PlyCount "135"]
[EventDate "2011.04.14"]
[EventType "swiss"]
[EventRounds "10"]
[EventCountry "POL"]
[SourceTitle "EXT 2012"]
[Source "ChessBase"]
[SourceDate "2011.11.24"]
[SourceVersion "1"]
[SourceVersionDate "2011.11.24"]
[SourceQuality "1"]

1. Nf3 Nf6 2. d4 g6 3. c4 d6 4. g3 Bg7 5. Bg2 0-0 6. 0-0 Nbd7 7. Nc3 c6 8. Bf4 Nh5 9. Be3 f5 10. Bg5 Ndf6 11. d5 Bd7 12. h3 h6 13. dxc6 bxc6 14. Be3 Qc7 15. Qd2 Kh7 16. Rab1 Rad8 17. Rfd1 Be6 18. b3 Bf7 19. Nd4 d5 20. cxd5 Nxd5 21. Nxd5 cxd5 22. Rdc1 Qd7 23. Nc6 Rc8 24. Nxa7 Rxc1+ 25. Rxc1 d4 26. Nc6 e5 27. Qd1 Rc8 28. Bd2 e4 29. Nb4 Rxc1 30. Qxc1 e3 31. Be1 Qd6 32. Qc6 exf2+ 33. Kxf2 Qxg3+ 34. Kf1 Qf4+ 35. Qf3 Bf6 36. Nd3 Qxf3+ 37. Bxf3 Ng7 38. Nb4 g5 39. Nd5 Be5 40. a4 Ne6 41. b4 Be8 42. a5 Bb5 43. Ne7 Nf4 44. Nxf5 d3 45. Ng3 Kh8 46. Bg4 Kg8 47. Kf2 Kf7 48. Kf3 Bc6+ 49. Kf2 Bb5 50. Bd2 dxe2 51. Nxe2 Nd3+ 52. Kf3 Kf6 53. Bc8 Nb2 54. Nc3 Bc6+ 55. Ke2 Nc4 56. Be1 Nd6 57. Ba6 Ke6 58. b5 Bxc3 59. bxc6 Bd4 60. Bb7 Nb5 61. a6 Na7 62. Bf2 Bxf2 63. Kxf2 Kd6 64. Kf3 h5 65. Ke4 Kc7 66. Kf5 g4 67. hxg4 hxg4 68. Kxg4 1/2-1/2

[Event "Podlaskie-ch U15 Girls 17th"]
[Site "Suwalki"]
[Date "2011.04.20"]
[Round "9"]
[White "Jaskiewicz, Kamila"]
[Black "Harazinska, Ewa"]
[Result "1-0"]
[WhiteElo "1587"]
[BlackElo "1763"]
[PlyCount "111"]
[EventDate "2011.04.14"]
[EventType "swiss"]
[EventRounds "10"]
[EventCountry "POL"]
[SourceTitle "EXT 2012"]
[Source "ChessBase"]
[SourceDate "2011.11.24"]
[SourceVersion "1"]
[SourceVersionDate "2011.11.24"]
[SourceQuality "1"]

1. Nf3 d5 2. c4 e6 3. g3 Nf6 4. Bg2 dxc4 5. Qa4+ c6 6. Qxc4 b5 7. Qc2 Bb7 8. a3 Bd6 9. b3 0-0 10. Bb2 Nbd7 11. d3 e5 12. Nbd2 Nd5 13. Ne4 Bc7 14. 0-0 h6 15. Rac1 Qe7 16. Nfd2 Bb6 17. b4 a6 18. Nb3 f5 19. Nec5 Bc8 20. Nxd7 Bxd7 21. Nc5 Be8 22. e4 fxe4 23. dxe4 Nf6 24. Nd3 Bd4 25. Rfd1 Bh5 26. Rd2 Rac8 27. Bxd4 exd4 28. Qc5 Qe8 29. Nf4 Bf7 30. Rxd4 Bc4 31. Rcd1 g5 32. Nd3 Ng4 33. h3 Bxd3 34. hxg4 Be2 35. R1d2 Bxg4 36. e5 h5 37. e6 Rf5 38. Qd6 Rf6 39. Qe5 Qxe6 40. Qxg5+ Rg6 41. Qf4 Qe7 42. Kh2 Rf8 43. Qe4 Re6 44. Qc2 Ref6 45. Bxc6 Kh8 46. f3 Bf5 47. Be4 Bxe4 48. Qxe4 Qxe4 49. fxe4 Rf2+ 50. Rxf2 Rxf2+ 51. Kh3 Rf3 52. e5 Re3 53. Rd6 Rxa3 54. e6 Kg8 55. Rd8+ Kg7 56. e7 1-0

[Event "Podlaskie-ch U15 Girls 17th"]
[Site "Suwalki"]
[Date "2011.04.17"]
[Round "5"]
[White "Wozniak, Mariola"]
[Black "Jaskiewicz, Kamila"]
[Result "0-1"]
[WhiteElo "1819"]
[BlackElo "1587"]
[PlyCount "62"]
[EventDate "2011.04.14"]
[EventType "swiss"]
[EventRounds "10"]
[EventCountry "POL"]
[SourceTitle "EXT 2012"]
[Source "ChessBase"]
[SourceDate "2011.11.24"]
[SourceVersion "1"]
[SourceVersionDate "2011.11.24"]
[SourceQuality "1"]

1. e4 c5 2. Nf3 Nc6 3. d4 cxd4 4. Nxd4 d6 5. Nc3 e5 6. Ndb5 a6 7. Na3 Be6 8. Be2 Be7 9. 0-0 Nf6 10. Bg5 0-0 11. Bxf6 Bxf6 12. Nc4 Nd4 13. Ne3 b5 14. Bd3 Be7 15. Ncd5 Nc6 16. c3 Rb8 17. Qe2 Qd7 18. a4 Qb7 19. Ra2 Bg5 20. Nf5 Ne7 21. Nfxe7+ Bxe7 22. axb5 axb5 23. Nxe7+ Qxe7 24. Ra5 b4 25. Rfa1 bxc3 26. bxc3 Qb7 27. Bb5 Qc7 28. c4 Rfc8 29. Ra7 Qc5 30. R7a4 f5 31. h3 fxe4 0-1

[Event "Podlaskie-ch U15 Girls 17th"]
[Site "Suwalki"]
[Date "2011.04.14"]
[Round "1"]
[White "Bednarczyk, Zaneta"]
[Black "Jaskiewicz, Kamila"]
[Result "0-1"]
[WhiteElo "1382"]
[BlackElo "1587"]
[PlyCount "68"]
[EventDate "2011.04.14"]
[EventType "swiss"]
[EventRounds "10"]
[EventCountry "POL"]
[SourceTitle "EXT 2012"]
[Source "ChessBase"]
[SourceDate "2011.11.24"]
[SourceVersion "1"]
[SourceVersionDate "2011.11.24"]
[SourceQuality "1"]

1. e4 c5 2. Nf3 e6 3. Nc3 a6 4. d4 cxd4 5. Nxd4 Qc7 6. f3 Nf6 7. Be3 b5 8. Qd3 Bb7 9. Be2 Nc6 10. Nxc6 dxc6 11. Bg5 Be7 12. Qe3 c5 13. 0-0 0-0 14. Kh1 Rfd8 15. Rad1 c4 16. a3 h6 17. Bxf6 Bxf6 18. Rfe1 Be7 19. f4 Bc5 20. Qg3 Kh7 21. Bg4 g5 22. Rf1 gxf4 23. Qxf4 Qxf4 24. Rxf4 Rxd1+ 25. Bxd1 Kg6 26. Ne2 Rd8 27. Nc3 f5 28. exf5+ exf5 29. h3 Rd2 30. Bf3 Kg5 31. g3 Bxf3+ 32. Rxf3 Rxc2 33. Nd1 Rd2 34. Rf1 Bd4 0-1

[Event "Augustow U18 op"]
[Site "Augustow"]
[Date "2011.02.26"]
[Round "9.3"]
[White "Jaskiewicz, Kamila"]
[Black "Murawko, Julia"]
[Result "1/2-1/2"]
[WhiteElo "1584"]
[BlackElo "1503"]
[PlyCount "87"]
[EventDate "2011.02.22"]
[EventType "swiss"]
[EventRounds "9"]
[EventCountry "POL"]
[SourceTitle "EXT 2023"]
[Source "ChessBase"]
[SourceDate "2022.10.05"]
[SourceVersion "1"]
[SourceVersionDate "2022.10.05"]
[SourceQuality "1"]

1. c4 e6 2. d3 d5 3. cxd5 Qxd5 4. Nf3 Nc6 5. a3 Nf6 6. e3 Be7 7. Be2 0-0 8. Qc2 Qd7 9. b4 a6 10. Bb2 Nd5 11. Nbd2 f5 12. 0-0 Bf6 13. Rac1 Qe7 14. Nc4 Bd7 15. Nce5 Rac8 16. Rfd1 Qe8 17. Bf1 Nxe5 18. Nxe5 Ba4 19. Qd2 Bxd1 20. Qxd1 Ne7 21. Qb3 Ng6 22. Nxg6 hxg6 23. Bxf6 Rxf6 24. d4 c6 25. g3 g5 26. Re1 Rh6 27. e4 Qh5 28. h3 Kh8 29. exf5 exf5 30. d5 Rd8 31. dxc6 Rxc6 32. Qe3 Rcd6 33. Qe5 Rd5 34. Qe7 R5d7 35. Qc5 Qf3 36. b5 axb5 37. Qxb5 Rd1 38. Re3 Qd5 39. Re8+ Kh7 40. Rxd8 Qxb5 41. Rxd1 Qb3 42. Rd3 Qe6 43. Re3 Qc6 44. Rd3 1/2-1/2

[Event "Augustow U18 op"]
[Site "Augustow"]
[Date "2011.02.24"]
[Round "6.4"]
[White "Jaskiewicz, Kamila"]
[Black "Poplawski, Maciej"]
[Result "1-0"]
[WhiteElo "1584"]
[BlackElo "1513"]
[PlyCount "119"]
[EventDate "2011.02.22"]
[EventType "swiss"]
[EventRounds "9"]
[EventCountry "POL"]
[SourceTitle "EXT 2023"]
[Source "ChessBase"]
[SourceDate "2022.10.05"]
[SourceVersion "1"]
[SourceVersionDate "2022.10.05"]
[SourceQuality "1"]

1. c4 e5 2. d3 Nc6 3. Nf3 Bc5 4. e3 Nf6 5. a3 d5 6. b4 Bd6 7. cxd5 Nxd5 8. Qc2 Be6 9. Be2 0-0 10. Bb2 f6 11. 0-0 Qd7 12. Nbd2 Rae8 13. Rfe1 Bg4 14. Rac1 Rf7 15. Ne4 Rfe7 16. h3 Bxf3 17. Bxf3 Kh8 18. Red1 h6 19. Nc5 Bxc5 20. Qxc5 Rd8 21. Qb5 Nd4 22. Qxd7 Nxf3+ 23. gxf3 Rexd7 24. d4 Ne7 25. Re1 exd4 26. Bxd4 Nc6 27. Bc5 a6 28. Kg2 Rd3 29. a4 b6 30. Bxb6 cxb6 31. Rxc6 R8d6 32. Rec1 Kh7 33. b5 Rxc6 34. Rxc6 axb5 35. axb5 Rb3 36. Rxb6 Rb4 37. Kg3 h5 38. e4 Kg6 39. Kf4 Rb3 40. h4 Kf7 41. Rb7+ Kg6 42. Kg3 Kh6 43. Kg2 Rb1 44. f4 Kh7 45. f3 Rb2+ 46. Kg3 Kh6 47. e5 fxe5 48. fxe5 Re2 49. Rb6+ Kh7 50. Re6 Rb2 51. b6 Kh8 52. Rc6 Kg8 53. e6 Kf8 54. Kf4 Rb5 55. Ke4 g5 56. hxg5 Rxg5 57. b7 h4 58. b8Q+ Ke7 59. Qb7+ Kf8 60. Qf7# 1-0